000
00304nam a22001337a 4500
020
_a
817573899-6
082
_a
920
_b
DUA/Q
100
_a
DUA,SHYAM
245
_a
THE LUMINOUS LIFE OF QUEEN ELIZABETH
260
_a
DELHI
_b
TINY TOT PUBLICATIONS
300
_a
95
650
_a
BIOGRAPHY
_z
DELHI
942
_c
BK
999
_c
5925
_d
5925